| 000 | 00422nam a2200121Ia 4500 | ||
|---|---|---|---|
| 008 | 160712s9999 xx 000 0 und d | ||
| 100 | _aDilla, Ed Adrian. | ||
| 245 |
_cEd Adrian Dilla, _aGrowth of anatase titanium dioxide nanotubes via anodization |
||
| 260 |
_c2012 _bScience Diliman |
||
| 300 | _avol. 24 no. 1 | ||
| 650 | _xSCIENCE | ||
| 856 | _uhttp://journals.upd.edu.ph/index.php/sciencediliman/issue/view/341/showToc | ||
| 999 |
_c297483 _d297483 |
||